Normal view
MARC view
- Achakzai, Batoora
Entry Personal Name
001 - CONTROL NUMBER
- control field: 130654
003 - CONTROL NUMBER IDENTIFIER
- control field: NUST
005 - DATE AND TIME OF LATEST TRANSACTION
- control field: 20250923161155.0
008 - FIXED-LENGTH DATA ELEMENTS
- fixed length control field: 250923|| aca||aabn | a|a d
040 ## - CATALOGING SOURCE
- Original cataloging agency: NUST
- Transcribing agency: NUST
100 ## - HEADING--PERSONAL NAME
- Personal name: Achakzai, Batoora
670 ## - SOURCE DATA FOUND
- Source citation: Work cat.: (NUST): Achakzai, Batoora, Exploring the link between Public Education Spending and Educational Outcomes in Balochistan: A Pathway to Enhanced Outcomes/
